| 000 | 00543cam a2200205 4500 | ||
|---|---|---|---|
| 008 | 090401t1986 xxu||||| |||| 00| 0 eng d | ||
| 020 | _a0080392342 | ||
| 035 | _a(Sirsi) u51943 | ||
| 041 | _aeng | ||
| 050 | _a624.08 | ||
| 100 | _aMeopham, Brian | ||
| 245 | _aFIDIC conditions of contract : a commercial manual | ||
| 260 |
_aLondon _bWaterlow Publishers _c1986 |
||
| 300 | _a291p. ; 23cm. | ||
| 350 | _a30 | ||
| 490 | _aWaterlow Practitioner`s Library | ||
| 650 | _aCIVIL ENGINEERING CONTRACTS | ||
| 942 | _n0 | ||
| 948 | _c04/03/1997 | ||
| 999 |
_c92974 _d92974 |
||